Loading...
| History - World History | 4 | 1 | 1 | 0 | 65 | 12 | 40.60 | 3 | 5 |
| History - Other History | 3 | 1 | 0 | 1 | 55 | 42 | 55.75 | 1 | 3 |
| History - American History | 2 | 3 | 1 | 1 | 55 | 46 | 77.60 | 2 | 5 |
| Mythology | 0 | 4 | 1 | 2 | 35 | 69 | 103.50 | 0 | 3 |
| Literature - European Literature | 1 | 1 | 0 | 1 | 25 | 76 | 79.00 | 1 | 2 |
| Religion | 0 | 2 | 0 | 1 | 20 | 128 | 130.00 | 1 | 2 |
| History - European History | 1 | 0 | 0 | 0 | 15 | 57 | 57.00 | 0 | 1 |
| Mythology- Edited | 1 | 0 | 0 | 0 | 15 | 78 | 78.00 | 0 | 1 |
| Literature - World Literature | 1 | 0 | 0 | 0 | 15 | 29 | 29.00 | 1 | 1 |
| Social Science | 0 | 2 | 2 | 1 | 10 | 111 | 114.50 | 0 | 2 |
| Literature - British Literature | 0 | 1 | 0 | 1 | 10 | 142 | 142.00 | 0 | 1 |
| Other Academic | 0 | 1 | 0 | 0 | 10 | 74 | 74.00 | 0 | 1 |
| Fine Arts - Other Fine Arts | 0 | 1 | 0 | 0 | 10 | 106 | 106.00 | 0 | 1 |
| Philosophy | 0 | 1 | 1 | 1 | 5 | 143 | 143.00 | 0 | 1 |
| Literature - American Literature | 0 | 0 | 1 | 0 | -5 | 0.00 | 0 | 0 | |
| Fine Arts - Visual Fine Arts | 0 | 0 | 1 | 0 | -5 | 0.00 | 0 | 0 |